<?xml version="1.0" encoding="UTF-8"?>
<record
    xmlns:xsi="http://www.w3.org/2001/XMLSchema-instance"
    xsi:schemaLocation="http://www.loc.gov/MARC21/slim http://www.loc.gov/standards/marcxml/schema/MARC21slim.xsd"
    xmlns="http://www.loc.gov/MARC21/slim">

  <leader>00682nam a22001817a 4500</leader>
  <controlfield tag="003">OSt</controlfield>
  <controlfield tag="005">20150408114112.0</controlfield>
  <controlfield tag="008">130128s        jo ||||f |||| 00| 0 ara d</controlfield>
  <datafield tag="040" ind1=" " ind2=" ">
    <subfield code="a">Ma-un</subfield>
  </datafield>
  <datafield tag="082" ind1=" " ind2=" ">
    <subfield code="2">21</subfield>
    <subfield code="a">338.5 </subfield>
    <subfield code="b">&#x642; &#x627; &#x645;</subfield>
  </datafield>
  <datafield tag="100" ind1=" " ind2=" ">
    <subfield code="a">&#x642;&#x637;&#x641;&#x60C; &#x625;&#x628;&#x631;&#x627;&#x647;&#x64A;&#x645; &#x633;&#x644;&#x64A;&#x645;&#x627;&#x646; </subfield>
    <subfield code="9">20004</subfield>
  </datafield>
  <datafield tag="245" ind1=" " ind2=" ">
    <subfield code="a">&#x645;&#x628;&#x627;&#x62F;&#x626; &#x627;&#x644;&#x627;&#x642;&#x62A;&#x635;&#x627;&#x62F; &#x627;&#x644;&#x62C;&#x632;&#x626;&#x64A; /</subfield>
    <subfield code="c">&#x625;&#x628;&#x631;&#x627;&#x647;&#x64A;&#x645; &#x633;&#x644;&#x64A;&#x645;&#x627;&#x646; &#x642;&#x637;&#x641;&#x60C; </subfield>
    <subfield code="h">&#x639;&#x644;&#x64A; &#x645;&#x62D;&#x645;&#x62F; &#x62E;&#x644;&#x64A;&#x644;.</subfield>
  </datafield>
  <datafield tag="260" ind1=" " ind2=" ">
    <subfield code="a">&#x639;&#x645;&#x627;&#x646;&#x60C; &#x627;&#x644;&#x627;&#x631;&#x62F;&#x646; :</subfield>
    <subfield code="b">&#x62F;&#x627;&#x631; &#x627;&#x644;&#x62D;&#x627;&#x645;&#x62F; &#x644;&#x644;&#x646;&#x634;&#x631; &#x648; &#x627;&#x644;&#x62A;&#x648;&#x632;&#x64A;&#x639; &#x60C; </subfield>
    <subfield code="c">2003</subfield>
  </datafield>
  <datafield tag="300" ind1=" " ind2=" ">
    <subfield code="a"> 286 &#x635;. :</subfield>
    <subfield code="b">&#x625;&#x64A;&#x636;. &#x61B;</subfield>
    <subfield code="c">24 &#x633;&#x645;. </subfield>
  </datafield>
  <datafield tag="650" ind1=" " ind2=" ">
    <subfield code="a">&#x627;&#x644;&#x627;&#x642;&#x62A;&#x635;&#x627;&#x62F; &#x627;&#x644;&#x62C;&#x632;&#x626;&#x64A; </subfield>
    <subfield code="9">19812</subfield>
  </datafield>
  <datafield tag="700" ind1=" " ind2=" ">
    <subfield code="a">&#x62E;&#x644;&#x64A;&#x644;&#x60C; &#x639;&#x644;&#x64A; &#x645;&#x62D;&#x645;&#x62F; </subfield>
    <subfield code="9">20005</subfield>
  </datafield>
  <datafield tag="942" ind1=" " ind2=" ">
    <subfield code="2">ddc</subfield>
    <subfield code="c">BOOK</subfield>
  </datafield>
  <datafield tag="999" ind1=" " ind2=" ">
    <subfield code="c">27153</subfield>
    <subfield code="d">261653</subfield>
  </datafield>
  <datafield tag="952" ind1=" " ind2=" ">
    <subfield code="1">0</subfield>
    <subfield code="2">2013-03-10</subfield>
    <subfield code="4">0</subfield>
    <subfield code="7">1</subfield>
    <subfield code="a">338.5  &#x642; &#x627; &#x645;</subfield>
    <subfield code="c">1</subfield>
    <subfield code="d">2013-01-28</subfield>
    <subfield code="h">CL</subfield>
    <subfield code="i">00302130</subfield>
    <subfield code="m">CL</subfield>
    <subfield code="o">1</subfield>
    <subfield code="q">2019-11-18</subfield>
    <subfield code="r">2022-12-25 00:00:00</subfield>
    <subfield code="t">BOOK</subfield>
    <subfield code="w">ddc</subfield>
    <subfield code="y">3</subfield>
  </datafield>
  <datafield tag="952" ind1=" " ind2=" ">
    <subfield code="1">0</subfield>
    <subfield code="2">2013-03-10</subfield>
    <subfield code="4">0</subfield>
    <subfield code="7">0</subfield>
    <subfield code="a">338.5  &#x642; &#x627; &#x645;</subfield>
    <subfield code="c">2</subfield>
    <subfield code="d">2013-01-28</subfield>
    <subfield code="h">CL</subfield>
    <subfield code="i">00302131</subfield>
    <subfield code="m">CL</subfield>
    <subfield code="o">1</subfield>
    <subfield code="q">2014-08-31</subfield>
    <subfield code="r">2015-06-03 00:00:00</subfield>
    <subfield code="t">BOOK</subfield>
    <subfield code="w">ddc</subfield>
    <subfield code="y">1</subfield>
  </datafield>
  <datafield tag="952" ind1=" " ind2=" ">
    <subfield code="1">0</subfield>
    <subfield code="2">2013-03-10</subfield>
    <subfield code="4">0</subfield>
    <subfield code="7">0</subfield>
    <subfield code="a">338.5  &#x642; &#x627; &#x645;</subfield>
    <subfield code="c">3</subfield>
    <subfield code="d">2013-01-28</subfield>
    <subfield code="h">CL</subfield>
    <subfield code="i">00302132</subfield>
    <subfield code="m">CL</subfield>
    <subfield code="o">1</subfield>
    <subfield code="q">2015-02-11</subfield>
    <subfield code="r">2015-04-14 00:00:00</subfield>
    <subfield code="t">BOOK</subfield>
    <subfield code="w">ddc</subfield>
    <subfield code="y">1</subfield>
  </datafield>
  <datafield tag="952" ind1=" " ind2=" ">
    <subfield code="1">0</subfield>
    <subfield code="2">2013-03-10</subfield>
    <subfield code="4">0</subfield>
    <subfield code="7">1</subfield>
    <subfield code="a">338.5  &#x642; &#x627; &#x645;</subfield>
    <subfield code="c">1</subfield>
    <subfield code="d">2013-01-28</subfield>
    <subfield code="h">SHF</subfield>
    <subfield code="i">00302133</subfield>
    <subfield code="m">SHF</subfield>
    <subfield code="r">2013-03-10 00:00:00</subfield>
    <subfield code="t">BOOK</subfield>
    <subfield code="w">ddc</subfield>
    <subfield code="y">0</subfield>
  </datafield>
  <datafield tag="952" ind1=" " ind2=" ">
    <subfield code="1">0</subfield>
    <subfield code="2">2013-03-10</subfield>
    <subfield code="4">0</subfield>
    <subfield code="7">0</subfield>
    <subfield code="a">338.5  &#x642; &#x627; &#x645;</subfield>
    <subfield code="c">2</subfield>
    <subfield code="d">2013-01-28</subfield>
    <subfield code="h">SHF</subfield>
    <subfield code="i">00302134</subfield>
    <subfield code="m">SHF</subfield>
    <subfield code="r">2013-03-10 00:00:00</subfield>
    <subfield code="t">BOOK</subfield>
    <subfield code="w">ddc</subfield>
    <subfield code="y">0</subfield>
  </datafield>
  <datafield tag="952" ind1=" " ind2=" ">
    <subfield code="1">0</subfield>
    <subfield code="2">2013-03-10</subfield>
    <subfield code="4">0</subfield>
    <subfield code="7">1</subfield>
    <subfield code="a">338.5  &#x642; &#x627; &#x645;</subfield>
    <subfield code="c">1</subfield>
    <subfield code="d">2013-01-28</subfield>
    <subfield code="h">SRF</subfield>
    <subfield code="i">00302135</subfield>
    <subfield code="m">SRF</subfield>
    <subfield code="q">2020-10-20</subfield>
    <subfield code="r">2021-09-12 00:00:00</subfield>
    <subfield code="t">BOOK</subfield>
    <subfield code="w">ddc</subfield>
    <subfield code="y">3</subfield>
  </datafield>
  <datafield tag="952" ind1=" " ind2=" ">
    <subfield code="1">0</subfield>
    <subfield code="2">2013-03-10</subfield>
    <subfield code="4">0</subfield>
    <subfield code="7">0</subfield>
    <subfield code="a">338.5  &#x642; &#x627; &#x645;</subfield>
    <subfield code="c">2</subfield>
    <subfield code="d">2013-01-28</subfield>
    <subfield code="h">SRF</subfield>
    <subfield code="i">00302136</subfield>
    <subfield code="m">SRF</subfield>
    <subfield code="q">2014-09-02</subfield>
    <subfield code="r">2015-01-12 00:00:00</subfield>
    <subfield code="t">BOOK</subfield>
    <subfield code="w">ddc</subfield>
    <subfield code="y">1</subfield>
  </datafield>
  <datafield tag="952" ind1=" " ind2=" ">
    <subfield code="1">0</subfield>
    <subfield code="2">2013-03-10</subfield>
    <subfield code="4">0</subfield>
    <subfield code="7">1</subfield>
    <subfield code="a">338.5  &#x642; &#x627; &#x645;</subfield>
    <subfield code="c">1</subfield>
    <subfield code="d">2013-01-28</subfield>
    <subfield code="h">SRM</subfield>
    <subfield code="i">00302137</subfield>
    <subfield code="m">SRM</subfield>
    <subfield code="r">2013-03-10 00:00:00</subfield>
    <subfield code="t">BOOK</subfield>
    <subfield code="w">ddc</subfield>
    <subfield code="y">0</subfield>
  </datafield>
  <datafield tag="952" ind1=" " ind2=" ">
    <subfield code="1">0</subfield>
    <subfield code="2">2013-03-10</subfield>
    <subfield code="4">0</subfield>
    <subfield code="7">0</subfield>
    <subfield code="a">338.5  &#x642; &#x627; &#x645;</subfield>
    <subfield code="c">2</subfield>
    <subfield code="d">2013-01-29</subfield>
    <subfield code="h">SRM</subfield>
    <subfield code="i">00302209</subfield>
    <subfield code="m">SRM</subfield>
    <subfield code="r">2013-03-10 00:00:00</subfield>
    <subfield code="t">BOOK</subfield>
    <subfield code="w">ddc</subfield>
    <subfield code="y">0</subfield>
  </datafield>
  <datafield tag="952" ind1=" " ind2=" ">
    <subfield code="1">0</subfield>
    <subfield code="2">2013-03-15</subfield>
    <subfield code="4">0</subfield>
    <subfield code="7">1</subfield>
    <subfield code="a">338.5  &#x642; &#x627; &#x645;</subfield>
    <subfield code="c">1</subfield>
    <subfield code="d">2013-03-15</subfield>
    <subfield code="h">CL</subfield>
    <subfield code="i">00305135</subfield>
    <subfield code="m">EMF</subfield>
    <subfield code="q">2025-02-10</subfield>
    <subfield code="r">2026-04-09 18:52:32</subfield>
    <subfield code="t">BOOK</subfield>
    <subfield code="w">ddc</subfield>
    <subfield code="y">3</subfield>
  </datafield>
  <datafield tag="952" ind1=" " ind2=" ">
    <subfield code="1">0</subfield>
    <subfield code="2">2013-03-15</subfield>
    <subfield code="4">0</subfield>
    <subfield code="7">0</subfield>
    <subfield code="a">338.5  &#x642; &#x627; &#x645;</subfield>
    <subfield code="c">2</subfield>
    <subfield code="d">2013-03-15</subfield>
    <subfield code="h">EMF</subfield>
    <subfield code="i">00305134</subfield>
    <subfield code="m">EMF</subfield>
    <subfield code="q">2024-01-23</subfield>
    <subfield code="r">2024-02-06 00:00:00</subfield>
    <subfield code="t">BOOK</subfield>
    <subfield code="w">ddc</subfield>
    <subfield code="y">1</subfield>
  </datafield>
</record>
